Normal view
MARC view
Entry Topical Term
001 - CONTROL NUMBER
- control field: 51289
003 - CONTROL NUMBER IDENTIFIER
- control field: ARRUPE
005 - DATE AND TIME OF LATEST TRANSACTION
- control field: 20220408122631.0
008 - FIXED-LENGTH DATA ELEMENTS
- fixed length control field: 220408|| aca||aabn | a|a d
040 ## - CATALOGING SOURCE
- Original cataloging agency: ARRUPE
- Transcribing agency: ARRUPE
150 ## - HEADING--TOPICAL TERM
- Topical term or geographic name as entry element: power(social sciences)
670 ## - SOURCE DATA FOUND
- Source citation: Work cat.: (ARRUPE)131286: Nader,Laura 51288, Naked science, 1996.